00458nam a2200121Ia 4500008004100000020001800041100003800059245006900097260002700166650008000193650002200273856004100295171212s9999 xx 000 0 und d a9780833049766 aJones, Seth G.;Fair, C. Christine cJones, Seth G.;Fair, C. ChristineaCounterinsurgency in Pakistan bRAND Corporationc2010 aPakistan -- Politics and government -- 1988-; Counterinsurgency -- Pakistan aPolitical Science uwww.jstor.org/stable/10.7249/mg982rc